| 000 | 00295nam a22001097a 4500 | ||
|---|---|---|---|
| 082 | _aCP56 | ||
| 100 |
_aAsim _950926 |
||
| 245 |
_aDifferential equations and transforms _bMath 104 _cAsim |
||
| 260 |
_aRisalpur, _bMCE, _cSpring 2015. |
||
| 526 |
_a0 _b1 _c0 _dCP_000000000000000_56 |
||
| 942 |
_2ddc _cBK |
||
| 999 |
_c553684 _d553684 |
||